Political faces of Slovenia : political orientations and values at the end of the century -- outlines based on Slovenian public opinion surveys /

Λεπτομέρειες βιβλιογραφικής εγγραφής
Άλλοι συγγραφείς: Tos, Niko (επιμελητής), Muller, Karl H. (επιμελητής)
Μορφή: Βιβλίο
Γλώσσα:English
Έκδοση: Wien : Edition Echoraum, 2005
Θέματα:
LEADER 01173nam a2200253 u 4500
001 10087283
003 upatras
005 20210117202632.0
008 101001s2005 au a 1 eng
020 |a 3901941118 
040 |a GR-PaULI  |c GR-PaULI  |b gre 
041 0 |a eng 
082 0 4 |a  320.949 72 
245 1 0 |a  Political faces of Slovenia :   |b political orientations and values at the end of the century -- outlines based on Slovenian public opinion surveys /  |c  edited by Niko Tos, Karl H. Muller ; preface by Janez Potocnik 
260 |a Wien :   |b Edition Echoraum,  |c 2005 
300 |a 451 σ. :  |b εικ. ;  |c 23 εκ. 
504 |a Περιλαμβάνει βιβλιογραφία και ευρετήριο 
651 0 |9 156105  |a Σλοβενία  |x Πολιτική και διακυβέρνηση  |y 21ος αιώνας 
700 1 |9 156106  |a Tos, Niko  |e επιμελητής 
700 1 |9 156107  |a Muller, Karl H.  |e επιμελητής 
942 |2 ddc  |c BK15 
952 |0 0  |1 0  |2 ddc  |4 0  |6 320_949000000000000_72_POL  |7 0  |9 93752  |a LISP  |b LISP  |c BSC  |d 2016-04-24  |i 123148  |l 0  |o 320.949 72 POL  |p 025000241746  |r 2016-04-24 00:00:00  |t 1  |y BK15 
998 |c ΜΠΟΥΡΑΣ  |d 2016-07 
999 |c 63025  |d 63025